[Event "19th EUR-ch"]
[Site "Batumi GEO"]
[Date "2018.03.24"]
[Round "7.105"]
[White "Tifferet, Shaked"]
[Black "Janik, Igor"]
[Result "1/2-1/2"]
[WhiteElo "2274"]
[BlackElo "2422"]
[EventDate "2018.03.17"]
[PlyCount "59"]

1.e4 c6 2.Nc3 d5 3.Nf3 Bg4 4.h3 Bxf3 5.Qxf3 e6 6.Be2 Nd7 7.d4 dxe4 8.Nxe4 
Ngf6 9.O-O Nxe4 10.Qxe4 Nf6 11.Qd3 Be7 12.c4 O-O 13.b3 Qa5 14.Bb2 Rad8 15.
Qc2 Rd7 16.a3 Rfd8 17.b4 Qc7 18.Rad1 a5 19.Qb3 axb4 20.axb4 Qb6 21.b5 Qc7 
22.Bf3 h6 23.Rfe1 cxb5 24.Qxb5 Ne8 25.Qb3 Bf6 26.d5 Bxb2 27.Qxb2 exd5 28.
Rxd5 Rxd5 29.Bxd5 Nf6 30.Bf3 1/2-1/2

[Event "19th EUR-ch"]
[Site "Batumi GEO"]
[Date "2018.03.24"]
[Round "7.106"]
[White "Schnider, Gert"]
[Black "Ahmadzada, Ahmad"]
[Result "1/2-1/2"]
[WhiteElo "2414"]
[BlackElo "2283"]
[EventDate "2018.03.17"]
[PlyCount "62"]

1.e4 e6 2.d4 d5 3.Nc3 Bb4 4.e5 c5 5.a3 Bxc3+ 6.bxc3 Qa5 7.Bd2 Qa4 8.Qg4 
Kf8 9.Nf3 Qxc2 10.Rc1 Qg6 11.Qxg6 hxg6 12.c4 dxc4 13.Rxc4 Nd7 14.dxc5 Ne7 
15.Bc3 Nd5 16.Bb2 Nb8 17.Rc1 Bd7 18.g3 Bc6 19.Bg2 Nd7 20.O-O Rc8 21.Rfe1 
Nc7 22.Nd4 Nd5 23.Re2 Ke7 24.h4 Rhd8 25.Rc4 Rc7 26.f4 Rdc8 27.Kf2 Ke8 28.
a4 b6 29.cxb6 N7xb6 30.Rxc6 Rxc6 31.Nxc6 Rxc6 1/2-1/2

[Event "19th EUR-ch"]
[Site "Batumi GEO"]
[Date "2018.03.24"]
[Round "7.107"]
[White "Can, Isik"]
[Black "Aleksanian, Hrant"]
[Result "1/2-1/2"]
[WhiteElo "2413"]
[BlackElo "2250"]
[EventDate "2018.03.17"]
[PlyCount "90"]

1.e4 e5 2.Nf3 Nc6 3.Bb5 a6 4.Bxc6 dxc6 5.O-O Ne7 6.Nxe5 Qd4 7.Qh5 g6 8.Nf3
Qxe4 9.Nc3 Qf5 10.Qh4 Bg7 11.d3 Qg4 12.Bg5 Qxh4 13.Bxh4 Nf5 14.Bg5 O-O 15.
Rfe1 Be6 16.Ne4 h6 17.Bf6 Bxf6 18.Nxf6+ Kg7 19.Ne4 Rae8 20.b3 b6 21.h3 c5 
22.a4 a5 23.Nc3 Re7 24.Re4 Rd8 25.Rae1 Nd4 26.Nxd4 cxd4 27.Ne2 Red7 28.Nf4
Bf5 29.Re5 Rd6 30.Nh5+ Kf8 31.Ng3 Be6 32.f4 Rc6 33.R1e2 Rd5 34.Rxd5 Bxd5 
35.f5 Kg7 36.Rd2 Rd6 37.Ne2 Bb7 38.fxg6 fxg6 39.Rd1 c5 40.Nf4 Rf6 41.Rf1 
Kf7 42.Ne2 Rxf1+ 43.Kxf1 Kf6 44.Kf2 Bc6 45.Ng3 Ke5 1/2-1/2

[Event "19th EUR-ch"]
[Site "Batumi GEO"]
[Date "2018.03.24"]
[Round "7.108"]
[White "Gokhvat, Peter"]
[Black "Abdulov, Orkhan"]
[Result "1-0"]
[WhiteElo "2248"]
[BlackElo "2412"]
[EventDate "2018.03.17"]
[PlyCount "45"]

1.d4 f5 2.g4 fxg4 3.h3 d5 4.hxg4 Bxg4 5.Qd3 Nf6 6.f3 Bc8 7.Bf4 e6 8.e4 
dxe4 9.fxe4 c5 10.Nc3 cxd4 11.Nb5 Na6 12.O-O-O Ng4 13.Qg3 e5 14.Bxe5 Bc5 
15.Nxd4 O-O 16.Bc4+ Kh8 17.Ngf3 Qe7 18.Qh3 Nf6 19.Qh4 h6 20.Rdg1 Nc7 21.
Qxh6+ gxh6 22.Rxh6+ Qh7 23.Bxf6+ 1-0

[Event "19th EUR-ch"]
[Site "Batumi GEO"]
[Date "2018.03.24"]
[Round "7.109"]
[White "Babazada, Khazar"]
[Black "Bagaturov, Giorgi"]
[Result "1/2-1/2"]
[WhiteElo "2230"]
[BlackElo "2410"]
[EventDate "2018.03.17"]
[PlyCount "53"]

1.Nf3 Nf6 2.c4 e6 3.g3 d5 4.Bg2 d4 5.O-O c5 6.e3 Nc6 7.exd4 cxd4 8.d3 Bd6 
9.Re1 h6 10.Na3 O-O 11.Nc2 a5 12.b4 Nxb4 13.Ncxd4 e5 14.Nb5 Re8 15.Bb2 Nc6
16.Nxd6 Qxd6 17.d4 e4 18.Ne5 Bf5 19.c5 Qd5 20.Bf1 Nxe5 21.dxe5 Qxd1 22.
Rexd1 Nd7 23.Bb5 Nxe5 24.Bxe8 Nf3+ 25.Kf1 Bh3+ 26.Ke2 Rxe8 27.Rd6 1/2-1/2

[Event "19th EUR-ch"]
[Site "Batumi GEO"]
[Date "2018.03.24"]
[Round "7.110"]
[White "Nikolaidis, Konstantinos"]
[Black "Ozen, Deniz"]
[Result "0-1"]
[WhiteElo "2184"]
[BlackElo "2407"]
[EventDate "2018.03.17"]
[PlyCount "92"]

1.e4 e6 2.d4 d5 3.Nd2 c5 4.exd5 Qxd5 5.dxc5 Bxc5 6.Ngf3 Nf6 7.Bc4 Qc6 8.
O-O O-O 9.Qe2 a6 10.Nb3 b5 11.Bd3 Nbd7 12.Bf4 Bd6 13.Bxd6 Qxd6 14.Rfd1 Qf4
15.Qd2 Qc7 16.a4 Bb7 17.axb5 Bxf3 18.gxf3 Ne5 19.Qf4 Nd5 20.b6 Qb8 21.Qg3 
Nxd3 22.Rxd3 Qxb6 23.Ra4 Rac8 24.Rg4 g6 25.c4 Ne7 26.Qe5 Rcd8 27.Qc5 Qxc5 
28.Nxc5 Rxd3 29.Nxd3 Rd8 30.Nc5 f5 31.Rh4 Rd6 32.Kg2 e5 33.b3 f4 34.Rg4 
Rd1 35.Nxa6 Kg7 36.Kh3 h5 37.Rg2 Rd3 38.Rg1 Rxf3+ 39.Kg2 Rxb3 40.Re1 Nc6 
41.Nc5 Rc3 42.Nd7 f3+ 43.Kg3 Nd4 44.Nxe5 Ne2+ 45.Kh3 Kf6 46.Nd7+ Kg5 0-1

[Event "19th EUR-ch"]
[Site "Batumi GEO"]
[Date "2018.03.24"]
[Round "7.111"]
[White "Soysal, Serkan"]
[Black "Abdulla, Khayala"]
[Result "1-0"]
[WhiteElo "2406"]
[BlackElo "2248"]
[EventDate "2018.03.17"]
[PlyCount "109"]

1.Nf3 Nf6 2.c4 e6 3.g3 d5 4.Bg2 dxc4 5.Qa4+ c6 6.Qxc4 b5 7.Qc2 Bb7 8.O-O 
c5 9.a4 b4 10.d3 Be7 11.Nbd2 Nc6 12.Nc4 Rc8 13.e4 O-O 14.Bf4 Nd4 15.Qd1 
Ne8 16.Rc1 Nd6 17.Nxd4 cxd4 18.Bxd6 Bxd6 19.e5 Bxg2 20.Kxg2 Be7 21.f4 Qd7 
22.b3 f6 23.exf6 Bxf6 24.Qg4 Qd5+ 25.Kg1 Rce8 26.Rce1 g6 27.Re4 Bg7 28.
Rfe1 Rf6 29.Re5 Qd7 30.Qe2 Kf7 31.Rb5 Kg8 32.Qe4 Rf5 33.Rb7 Qd8 34.Qc6 e5 
35.Rd7 Qa8 36.Qc7 Bf8 37.Nxe5 Rc8 38.Qb7 Qxb7 39.Rxb7 Rc3 40.h4 Rxb3 41.
Rxa7 Ra3 42.Ra8 Kg7 43.Kf2 b3 44.Nc4 Ra2+ 45.Kf3 b2 46.Rb1 Ba3 47.Ra7+ Kg8
48.Ke2 Rf8 49.Nxa3 Rxa3 50.Rxb2 Re8+ 51.Kd2 h5 52.a5 Ra1 53.Rd7 Rxa5 54.
Rxd4 Re6 55.Rd7 1-0

[Event "19th EUR-ch"]
[Site "Batumi GEO"]
[Date "2018.03.24"]
[Round "7.112"]
[White "Tate, Alan"]
[Black "Oglaza, Oskar"]
[Result "1/2-1/2"]
[WhiteElo "2399"]
[BlackElo "2240"]
[EventDate "2018.03.17"]
[PlyCount "50"]

1.Nf3 Nf6 2.g3 d5 3.Bg2 Bf5 4.O-O e6 5.c4 c6 6.Qb3 Qb6 7.d3 Be7 8.Be3 Qc7 
9.Nc3 dxc4 10.Qxc4 Nbd7 11.Rac1 O-O 12.b4 e5 13.Qb3 Be6 14.Qb2 Nd5 15.Bg5 
f6 16.Nxd5 Bxd5 17.e4 Be6 18.Be3 Qd6 19.b5 Qxd3 20.bxc6 Ba3 21.Qc2 Qxc2 
22.Rxc2 bxc6 23.Rxc6 Bf7 24.Rd1 Nb6 25.Bxb6 axb6 1/2-1/2

[Event "19th EUR-ch"]
[Site "Batumi GEO"]
[Date "2018.03.24"]
[Round "7.113"]
[White "Bosman, Michiel"]
[Black "Mkrtchian, Sargis"]
[Result "1/2-1/2"]
[WhiteElo "2398"]
[BlackElo "2224"]
[EventDate "2018.03.17"]
[PlyCount "56"]

1.d4 Nf6 2.c4 g6 3.Nc3 Bg7 4.e4 d6 5.Be2 O-O 6.Be3 c5 7.d5 e6 8.Nf3 exd5 
9.cxd5 b5 10.e5 Ng4 11.Bg5 Qb6 12.exd6 b4 13.Ne4 Nd7 14.Nfd2 Ngf6 15.Nc4 
Qb8 16.Nxf6+ Nxf6 17.O-O Ba6 18.Rc1 Bxc4 19.Rxc4 Qxd6 20.Bf4 Qxd5 21.Qc2 
Rac8 22.Bf3 Qe6 23.Rxc5 Rxc5 24.Qxc5 Qxa2 25.Qxb4 Nd5 26.Bxd5 Qxd5 27.Qa4 
Bxb2 28.Qxa7 Be5 1/2-1/2

[Event "19th EUR-ch"]
[Site "Batumi GEO"]
[Date "2018.03.24"]
[Round "7.114"]
[White "Huber, Martin Christian"]
[Black "Tarun, Kanyamarala"]
[Result "1/2-1/2"]
[WhiteElo "2372"]
[BlackElo "1920"]
[EventDate "2018.03.17"]
[PlyCount "56"]

1.d4 d5 2.c4 e6 3.Nf3 Nf6 4.Nc3 Be7 5.Bf4 O-O 6.e3 b6 7.Qc2 Bb7 8.Rd1 Bd6 
9.Bxd6 cxd6 10.cxd5 Nxd5 11.Nxd5 Bxd5 12.e4 Bb7 13.Bd3 Nc6 14.a3 Rc8 15.
Qe2 e5 16.d5 Ne7 17.O-O g6 18.Nd2 f5 19.f3 f4 20.Rc1 g5 21.a4 Ng6 22.Ba6 
Rf7 23.Nb3 Bxa6 24.Qxa6 Rfc7 25.Qd3 Rxc1 26.Rxc1 Rxc1+ 27.Nxc1 Qc7 28.Nb3 
Nf8 1/2-1/2

[Event "19th EUR-ch"]
[Site "Batumi GEO"]
[Date "2018.03.24"]
[Round "7.115"]
[White "Qalagashvili, Pridon"]
[Black "Torosian, Norayr"]
[Result "1-0"]
[WhiteElo "2153"]
[BlackElo "2371"]
[EventDate "2018.03.17"]
[PlyCount "71"]

1.d4 Nf6 2.Nf3 g6 3.c4 Bg7 4.Nc3 O-O 5.e4 d6 6.Be2 e5 7.O-O Nc6 8.d5 Ne7 
9.Ne1 Nd7 10.Nd3 f5 11.f3 Nf6 12.c5 f4 13.cxd6 cxd6 14.Bd2 g5 15.Nf2 h5 
16.h3 Ng6 17.Qc2 Rf7 18.Rfc1 a6 19.a4 b6 20.Ra3 Bf8 21.Na2 Rg7 22.Rc3 Bd7 
23.Nb4 Nh4 24.Qd1 a5 25.Nc6 Qe8 26.Be1 Qg6 27.Rb3 Qh6 28.Rcc3 g4 29.fxg4 
hxg4 30.hxg4 f3 31.Bxf3 Nxf3+ 32.gxf3 Rh7 33.Kf1 Qh2 34.Rxb6 Bxg4 35.fxg4 
Nxe4 36.Rbb3 1-0

[Event "19th EUR-ch"]
[Site "Batumi GEO"]
[Date "2018.03.24"]
[Round "7.116"]
[White "Sanal, Vahap"]
[Black "Olcum, Ahmet"]
[Result "1/2-1/2"]
[WhiteElo "2543"]
[BlackElo "2257"]
[EventDate "2018.03.17"]
[PlyCount "103"]

1.e4 d6 2.d4 g6 3.Nf3 Bg7 4.Bd3 Nd7 5.O-O e5 6.c3 Ngf6 7.Be3 O-O 8.Nbd2 b6
9.a4 a5 10.Re1 Bb7 11.Qc2 Re8 12.Rad1 h6 13.h3 Nh5 14.Bb5 c6 15.Bf1 Qc7 
16.dxe5 dxe5 17.Nc4 Rad8 18.Qb3 Nc5 19.Bxc5 bxc5 20.Rxd8 Rxd8 21.Rd1 Rb8 
22.Qb6 Qxb6 23.Nxb6 Nf6 24.Nd7 Rd8 25.Nxf6+ Bxf6 26.Rxd8+ Bxd8 27.Nxe5 Kg7
28.Bc4 f5 29.exf5 gxf5 30.Nd3 Be7 31.Nc1 Bd8 32.Nb3 Bb6 33.Kf1 Kf6 34.Ke2 
Ke5 35.Ke3 f4+ 36.Ke2 Bc8 37.Nd2 Bf5 38.Kf3 Bc7 39.Bf7 Bc2 40.Bb3 Bf5 41.
Ke2 Kf6 42.Bc4 Bb6 43.Ba6 Be6 44.Bb7 Bd5 45.f3 c4 46.Ba6 Be3 47.Kd1 Bxd2 
48.Kxd2 c5 49.Ke1 Kg5 50.Kf2 h5 51.Ke1 h4 52.Bb5 1/2-1/2

[Event "19th EUR-ch"]
[Site "Batumi GEO"]
[Date "2018.03.24"]
[Round "7.117"]
[White "Stefanova, Antoaneta"]
[Black "Tsvetkov, Andrey"]
[Result "1-0"]
[WhiteElo "2481"]
[BlackElo "2252"]
[EventDate "2018.03.17"]
[PlyCount "89"]

1.d4 d5 2.Bf4 c5 3.e3 Nc6 4.c3 Nf6 5.Nd2 cxd4 6.exd4 Bf5 7.Qb3 Qc8 8.Ngf3 
e6 9.Nh4 Be4 10.Nxe4 Nxe4 11.Nf3 Bd6 12.Bxd6 Nxd6 13.Bd3 Qc7 14.Qc2 h6 15.
O-O O-O 16.Kh1 Rae8 17.Rae1 f5 18.Ne5 Ne4 19.Nxc6 bxc6 20.f3 Nf6 21.b4 g6 
22.Qf2 g5 23.Re3 Re7 24.Bb1 Qd6 25.Qc2 Nd7 26.Rfe1 Rfe8 27.g4 Nf8 28.Re5 
fxg4 29.fxg4 Rf7 30.h4 Qe7 31.hxg5 hxg5 32.Qd2 Rg7 33.Bf5 Qf6 34.Kg2 Rge7 
35.Bd3 Rg7 36.Rf1 Qe7 37.Bf5 Qd6 38.Qe3 Ree7 39.Bd3 Qd8 40.Rxg5 e5 41.dxe5
Ne6 42.Rxg7+ Rxg7 43.Qh6 Qe7 44.Bf5 Ng5 45.Qxc6 1-0

[Event "19th EUR-ch"]
[Site "Batumi GEO"]
[Date "2018.03.24"]
[Round "7.118"]
[White "Garayev, Kanan"]
[Black "Vykouk, Jan"]
[Result "1-0"]
[WhiteElo "2252"]
[BlackElo "2445"]
[EventDate "2018.03.17"]
[PlyCount "79"]

1.d4 e6 2.e4 d5 3.Nc3 Bb4 4.e5 b6 5.a3 Bf8 6.f4 Ba6 7.Bxa6 Nxa6 8.Qd3 Nb8 
9.f5 Nc6 10.Nge2 Qd7 11.fxe6 fxe6 12.O-O O-O-O 13.Qh3 Nge7 14.Rf7 Re8 15.
Bg5 Nd8 16.Rf2 Nf5 17.g4 Nh6 18.Raf1 Kb8 19.Nd1 Be7 20.Bxh6 gxh6 21.Qxh6 
Reg8 22.Rg2 c5 23.c3 Qb5 24.Qd2 Nc6 25.b4 Bg5 26.Nf4 cxd4 27.cxd4 Rf8 28.
Qe2 Nxd4 29.Qxb5 Nxb5 30.Nxe6 Rxf1+ 31.Kxf1 Be7 32.Ne3 Nxa3 33.Nxd5 Bh4 
34.Nd4 Nc4 35.e6 Kb7 36.Nf5 Rd8 37.Rc2 Rxd5 38.Rxc4 Bf6 39.e7 Bxe7 40.Nxe7
1-0

[Event "19th EUR-ch"]
[Site "Batumi GEO"]
[Date "2018.03.24"]
[Round "7.119"]
[White "Mazur, Stefan"]
[Black "Stukan, Martin"]
[Result "0-1"]
[WhiteElo "2439"]
[BlackElo "2210"]
[EventDate "2018.03.17"]
[PlyCount "55"]

1.e4 c5 2.Nf3 d6 3.Bc4 Nf6 4.d3 e6 5.Bb3 Be7 6.O-O O-O 7.Re1 Nbd7 8.c3 b5 
9.Nbd2 Bb7 10.Bc2 Rc8 11.Nf1 Qc7 12.Ng3 Rfe8 13.Bd2 Ne5 14.Rc1 Red8 15.Bb1
Qb6 16.h3 Nxf3+ 17.Qxf3 d5 18.e5 d4 19.exf6 Bxf3 20.fxe7 Re8 21.gxf3 Qd6 
22.f4 Qxe7 23.f5 Qf6 24.fxe6 fxe6 25.cxd4 Rf8 26.Re2 cxd4 27.Rxc8 Rxc8 28.
f4 0-1

[Event "19th EUR-ch"]
[Site "Batumi GEO"]
[Date "2018.03.24"]
[Round "7.120"]
[White "Yuksel, Atilla Koksal"]
[Black "Yankelevich, Lev"]
[Result "0-1"]
[WhiteElo "2237"]
[BlackElo "2437"]
[EventDate "2018.03.17"]
[PlyCount "68"]

1.e4 e5 2.d4 exd4 3.Qxd4 Nc6 4.Qe3 g6 5.Bd2 Bg7 6.Nc3 Nf6 7.f3 O-O 8.O-O-O
d5 9.exd5 Nxd5 10.Nxd5 Qxd5 11.Qb3 Qc5 12.Qb5 Qe7 13.Bd3 Be6 14.Kb1 a5 15.
Ne2 Nb4 16.Nc1 Nd5 17.Qa4 Nb4 18.Qa3 c5 19.Rhe1 b5 20.Bxb5 Rab8 21.Bc4 Nd5
22.Nb3 Qb7 23.Bxd5 Bxd5 24.Bf4 a4 25.Bxb8 axb3 26.Be5 Ra8 27.Qxc5 bxc2+ 
28.Kxc2 Bxa2 29.Kd2 Bf8 30.Qe3 Bc4 31.Bc3 Qd5+ 32.Qd4 Bh6+ 33.Kc2 Bb3+ 34.
Kb1 Ra1+ 0-1

[Event "19th EUR-ch"]
[Site "Batumi GEO"]
[Date "2018.03.24"]
[Round "7.121"]
[White "Kubicka, Anna"]
[Black "Tokranovs, Dmitrijs"]
[Result "1/2-1/2"]
[WhiteElo "2235"]
[BlackElo "2375"]
[EventDate "2018.03.17"]
[PlyCount "89"]

1.e4 e5 2.Nf3 Nc6 3.Bc4 Be7 4.c3 Nf6 5.d3 O-O 6.O-O d5 7.exd5 Nxd5 8.Re1 
Bg4 9.h3 Bh5 10.Nbd2 a6 11.Nf1 Nb6 12.Bb3 Qd6 13.Ng3 Bg6 14.Nxe5 Nxe5 15.
Bf4 Bf6 16.d4 Nbd7 17.dxe5 Bxe5 18.Bxe5 Nxe5 19.Qxd6 cxd6 20.Rad1 Nd3 21.
Re2 Rfe8 22.Red2 Nc5 23.Bc2 Bxc2 24.Rxc2 Re6 25.Rcd2 Rd8 26.Nf5 Ne4 27.Rd4
g6 28.Ne3 Kg7 29.Nd5 Nf6 30.Nb6 Rde8 31.Rxd6 Rxd6 32.Rxd6 Re1+ 33.Kh2 Re2 
34.Nc4 Rxf2 35.Rb6 h5 36.Kg1 Re2 37.Rxb7 Ne4 38.Ne5 Kf6 39.Nf3 g5 40.Rb6+ 
Ke7 41.g4 h4 42.a4 Re3 43.Kg2 Re2+ 44.Kg1 Re3 45.Kg2 1/2-1/2

[Event "19th EUR-ch"]
[Site "Batumi GEO"]
[Date "2018.03.24"]
[Round "7.122"]
[White "Lewtak, Damian"]
[Black "Smolin, Sergey"]
[Result "0-1"]
[WhiteElo "2370"]
[BlackElo "2153"]
[EventDate "2018.03.17"]
[PlyCount "68"]

1.d4 g6 2.e4 Bg7 3.Nf3 d6 4.h3 a6 5.a4 Nc6 6.Nc3 h6 7.Bf4 e6 8.Bc4 Nge7 9.
e5 d5 10.Be2 b6 11.O-O Bb7 12.Qd2 Na5 13.Nd1 c5 14.Ne3 Nec6 15.Ng4 cxd4 
16.b3 Qc7 17.Nxh6 Nxe5 18.Nxe5 Bxe5 19.Bxe5 Qxe5 20.Ng4 Qc7 21.b4 Nc4 22.
Qxd4 O-O-O 23.f4 Kb8 24.Rf3 f5 25.Ne5 g5 26.Rc3 gxf4 27.Qxf4 Rhg8 28.Bf3 
Ka7 29.Re1 Qd6 30.Re2 Rc8 31.Nd3 e5 32.Nxe5 Nxe5 33.Rxc8 Nxf3+ 34.Qxf3 
Rxc8 0-1

[Event "19th EUR-ch"]
[Site "Batumi GEO"]
[Date "2018.03.24"]
[Round "7.123"]
[White "Assaubaeva, Bibisara"]
[Black "Eynullayev, Atilla"]
[Result "1-0"]
[WhiteElo "2369"]
[BlackElo "2147"]
[EventDate "2018.03.17"]
[PlyCount "69"]

1.Nf3 Nf6 2.g3 c5 3.Bg2 d5 4.O-O e6 5.d3 g6 6.Nbd2 Bg7 7.e4 O-O 8.Re1 Nc6 
9.c3 a5 10.a4 b6 11.Nb1 Ba6 12.e5 Nd7 13.Bf4 f6 14.exf6 Qxf6 15.Qd2 h6 16.
Bxh6 Bxh6 17.Qxh6 Bxd3 18.Nbd2 Rfe8 19.c4 Nf8 20.Qe3 Bf5 21.Nh4 Nd4 22.Qc3
Rad8 23.Nb3 Kg7 24.cxd5 exd5 25.Nxd4 cxd4 26.Nxf5+ gxf5 27.Qb3 Qd6 28.Bh3 
Qf6 29.Qd3 f4 30.Red1 f3 31.Ra3 Ng6 32.Qxf3 Qxf3 33.Rxf3 Ne5 34.Rf5 Nc4 
35.b3 1-0

[Event "19th EUR-ch"]
[Site "Batumi GEO"]
[Date "2018.03.24"]
[Round "7.124"]
[White "Kacharava, Nikolozi"]
[Black "Vardanian, Hamazasp"]
[Result "1-0"]
[WhiteElo "2362"]
[BlackElo "2109"]
[EventDate "2018.03.17"]
[PlyCount "125"]

1.e4 e6 2.d4 d5 3.Nd2 c5 4.exd5 Qxd5 5.Ngf3 cxd4 6.Bc4 Qd7 7.O-O Nc6 8.Nb3
a6 9.Nbxd4 Nxd4 10.Nxd4 Qc7 11.Qe2 Bd6 12.h3 Ne7 13.Bg5 Bh2+ 14.Kh1 Bf4 
15.Bxf4 Qxf4 16.Rad1 O-O 17.Nf3 b5 18.Rd4 Qf6 19.Bd3 Bb7 20.Ne5 Nc6 21.
Nxc6 Bxc6 22.Rd1 g6 23.c3 e5 24.Rg4 Rad8 25.Bc2 Rxd1+ 26.Bxd1 Rd8 27.Bb3 
Kg7 28.Qe3 Qd6 29.Rh4 h5 30.Qg3 e4 31.Qe3 f5 32.Qg5 Qf6 33.Rxh5 Qxg5 34.
Rxg5 Rd2 35.Kg1 Rxb2 36.h4 Kf6 37.g4 Rb1+ 38.Kh2 Rf1 39.Kg3 Rc1 40.gxf5 
gxf5 41.Kf4 Bd7 42.h5 Rxc3 43.Rg6+ Ke7 44.h6 Rh3 45.Rg7+ Kd6 46.h7 Be6 47.
Rg6 Rh4+ 48.Kg5 Rxh7 49.Rxe6+ Kc5 50.Re5+ Kd4 51.Rd5+ Kc3 52.Rxf5 Kd3 53.
Kf4 Re7 54.Re5 Rxe5 55.Kxe5 a5 56.Bd5 e3 57.Be4+ Kd2 58.fxe3 Kxe3 59.Kd5 
a4 60.Bg6 b4 61.Bc2 b3 62.Bxb3 axb3 63.axb3 1-0

[Event "19th EUR-ch"]
[Site "Batumi GEO"]
[Date "2018.03.24"]
[Round "7.125"]
[White "Sahin, Ozgun"]
[Black "Mirzoyan, David"]
[Result "0-1"]
[WhiteElo "2201"]
[BlackElo "2350"]
[EventDate "2018.03.17"]
[PlyCount "104"]

1.e4 e5 2.d4 exd4 3.c3 Qe7 4.Bd3 d5 5.Qe2 dxe4 6.Bxe4 Nf6 7.Bf3 Qxe2+ 8.
Nxe2 dxc3 9.Nbxc3 c6 10.Bg5 Nbd7 11.O-O-O Bc5 12.Nd4 O-O 13.Rhe1 h6 14.Bh4
g5 15.Bg3 Nb6 16.Nb3 Bb4 17.a3 Bxc3 18.bxc3 g4 19.Be2 Ne4 20.Be5 Be6 21.
Nd4 Nxc3 22.Nxe6 Nxe2+ 23.Rxe2 fxe6 24.Rd4 h5 25.Bd6 Rf6 26.Re5 Rf5 27.
Rxe6 Nd5 28.Rde4 Rd8 29.Bc5 Nf4 30.Re8+ Rxe8 31.Rxe8+ Kf7 32.Rf8+ Kg6 33.
Rxf5 Kxf5 34.Bxa7 Nxg2 35.Kd2 Ke4 36.Kc3 b5 37.Kb4 Kd5 38.Bb6 Ne1 39.Ba7 
Nc2+ 40.Kb3 Nd4+ 41.Kb4 Nf3 42.Bb8 Ng5 43.Bc7 Ne6 44.Bb8 Nc5 45.Ba7 Nd3+ 
46.Kc3 Ke4 47.Bb6 h4 48.Bd8 h3 49.Bh4 c5 50.Bg3 c4 51.Bb8 Nxf2 52.Kb4 Nd3+
0-1

[Event "19th EUR-ch"]
[Site "Batumi GEO"]
[Date "2018.03.24"]
[Round "7.126"]
[White "Petriashvili, Nikoloz"]
[Black "Grinev, Boris"]
[Result "1-0"]
[WhiteElo "2329"]
[BlackElo "2092"]
[EventDate "2018.03.17"]
[PlyCount "105"]

1.e4 c5 2.Nf3 Nc6 3.d4 cxd4 4.Nxd4 e5 5.Nb5 a6 6.Nd6+ Bxd6 7.Qxd6 Qe7 8.
Qd1 Nf6 9.Nc3 d6 10.Bg5 Be6 11.Nd5 Bxd5 12.exd5 Nb8 13.Be2 h6 14.Be3 O-O 
15.g4 Nh7 16.h4 Nd7 17.Qd3 e4 18.Qd4 Qe5 19.O-O-O Qxd4 20.Rxd4 Rfe8 21.g5 
f5 22.gxh6 gxh6 23.Bxh6 Kh8 24.Bh5 Ndf6 25.Bxe8 Rxe8 26.Rg1 Ng4 27.Rxg4 
fxg4 28.Bf4 Nf6 29.Bxd6 e3 30.fxe3 Ne4 31.Bf4 g3 32.d6 g2 33.Rd1 Rg8 34.
Rg1 Kh7 35.d7 Rd8 36.Rxg2 Rxd7 37.c4 b5 38.Rc2 Rg7 39.b4 Rg1+ 40.Kb2 bxc4 
41.Rxc4 Rg2+ 42.Rc2 Rg4 43.h5 Nf6 44.h6 Nd5 45.a3 Nxf4 46.exf4 Rg6 47.Rh2 
Rg4 48.Re2 Kxh6 49.Re6+ Rg6 50.Rxg6+ Kxg6 51.a4 Kf5 52.b5 axb5 53.a5 1-0

[Event "19th EUR-ch"]
[Site "Batumi GEO"]
[Date "2018.03.24"]
[Round "7.127"]
[White "Akhvlediani, Irakli"]
[Black "Melkonyan, Arshak"]
[Result "1-0"]
[WhiteElo "2318"]
[BlackElo "2082"]
[EventDate "2018.03.17"]
[PlyCount "113"]

1.d4 d5 2.c4 c6 3.Nf3 e6 4.Qc2 dxc4 5.Qxc4 b5 6.Qc2 Bb7 7.e4 Nd7 8.Bd3 
Ngf6 9.Bg5 Be7 10.O-O Rc8 11.Qe2 b4 12.Nbd2 c5 13.Nc4 O-O 14.e5 Ne8 15.
Bxe7 Qxe7 16.Rac1 Nb6 17.Na5 Bd5 18.Rc2 cxd4 19.Nxd4 Rc7 20.Bb5 Rxc2 21.
Qxc2 Qc7 22.Bxe8 Qxc2 23.Bxf7+ Rxf7 24.Nxc2 Rf4 25.Re1 Bxa2 26.g3 Rf8 27.
Nxb4 Bd5 28.Nxd5 Nxd5 29.Nc6 Rf7 30.Ra1 Rb7 31.Rxa7 Rxb2 32.Nd4 Rb6 33.Rd7
h6 34.h4 g5 35.h5 g4 36.Kg2 Ra6 37.Rd6 Rxd6 38.exd6 Kf7 39.d7 Ke7 40.Nc6+ 
Kxd7 41.Ne5+ Ke7 42.Nxg4 e5 43.Nxe5 Nf6 44.g4 Ke6 45.f4 Nd5 46.Kf3 Nf6 47.
Nc6 Ng8 48.Nd4+ Kd5 49.Nf5 Ke6 50.Ke3 Kd5 51.g5 hxg5 52.fxg5 Ke5 53.h6 
Kxf5 54.h7 Ne7 55.h8=Q Kxg5 56.Qe5+ Nf5+ 57.Ke4 1-0

[Event "19th EUR-ch"]
[Site "Batumi GEO"]
[Date "2018.03.24"]
[Round "7.128"]
[White "Murzin, Volodar"]
[Black "Atakishiev, Elmar"]
[Result "1/2-1/2"]
[WhiteElo "2316"]
[BlackElo "1999"]
[EventDate "2018.03.17"]
[PlyCount "97"]

1.e4 e5 2.Nf3 Nc6 3.Bb5 Nge7 4.O-O g6 5.c3 a6 6.Ba4 Bg7 7.d4 exd4 8.cxd4 
b5 9.Bc2 O-O 10.d5 Na5 11.Bd2 Nc4 12.Bc3 Nxb2 13.Qc1 Nc4 14.Bb3 d6 15.Bxg7
Kxg7 16.Bxc4 bxc4 17.Qxc4 Bd7 18.Nd4 Rc8 19.Qxa6 c6 20.Nd2 Ra8 21.Qd3 cxd5
22.Rfe1 Re8 23.N4f3 Qa5 24.Qd4+ Kg8 25.exd5 Nf5 26.Qc4 Rxe1+ 27.Rxe1 Qxa2 
28.Qc7 Qa7 29.Qc3 Qa5 30.Qb2 Qa2 31.Qxa2 Rxa2 32.Ne4 Kg7 33.h3 Ra5 34.g4 
Ne7 35.Nxd6 Nxd5 36.Nxf7 Bxg4 37.hxg4 Kxf7 38.Re5 Ra1+ 39.Kg2 Nf4+ 40.Kg3 
Ne6 41.Ng5+ Nxg5 42.Rxg5 h6 43.Rb5 g5 44.f3 Ra2 45.Rb6 Kg7 46.Rb7+ Kg6 47.
Rb3 Rd2 48.f4 gxf4+ 49.Kxf4 1/2-1/2

[Event "19th EUR-ch"]
[Site "Batumi GEO"]
[Date "2018.03.24"]
[Round "7.129"]
[White "Utiatskaja, Irina"]
[Black "Barseghian, Armen Ar."]
[Result "1-0"]
[WhiteElo "2165"]
[BlackElo "2298"]
[EventDate "2018.03.17"]
[PlyCount "137"]

1.d4 Nf6 2.c4 c5 3.d5 e6 4.Nc3 exd5 5.cxd5 d6 6.e4 g6 7.Nge2 Bg7 8.Ng3 O-O
9.Be2 Re8 10.O-O a6 11.a4 Nbd7 12.Bg5 h6 13.Bf4 Qc7 14.Qd2 Kh7 15.Rfc1 h5 
16.Bg5 Rb8 17.f4 c4 18.Kh1 b5 19.axb5 axb5 20.b4 Qb6 21.Rf1 Nf8 22.Ra5 Ba6
23.e5 dxe5 24.fxe5 Rxe5 25.Bf4 Rbe8 26.Bxe5 Rxe5 27.Bf3 N8d7 28.Nge4 Nxe4 
29.Nxe4 Rf5 30.Nc5 Bc8 31.Ne4 Bb7 32.Ng3 Re5 33.Qc2 Nf6 34.Raa1 Bxd5 35.
Bxd5 Rxd5 36.Ne4 Nxe4 37.Qxe4 Rd7 38.Ra8 c3 39.h3 Qc7 40.Qe8 c2 41.Rc8 
Qxc8 42.Qxc8 Rd1 43.Qxc2 Rxf1+ 44.Kh2 Be5+ 45.g3 h4 46.Kg2 Rf5 47.g4 Rf4 
48.Qc5 Bd4 49.Qxb5 Rf2+ 50.Kh1 Rf3 51.Qc4 Rxh3+ 52.Kg2 Rg3+ 53.Kh2 Rxg4 
54.Qxf7+ Bg7 55.b5 Rb4 56.Qd7 Rb3 57.Kg2 Kh6 58.Qc6 h3+ 59.Kh1 Rb2 60.Qc1+
Kh7 61.Qf1 Rb3 62.Qc4 Rb2 63.Qh4+ Kg8 64.b6 h2 65.Qd8+ Kf7 66.Qc7+ Kf8 67.
b7 Be5 68.Qc5+ Kf7 69.Qxe5 1-0

[Event "19th EUR-ch"]
[Site "Batumi GEO"]
[Date "2018.03.24"]
[Round "7.130"]
[White "Uzunoglu, Efe Kerem"]
[Black "Eminov, Orkhan"]
[Result "1/2-1/2"]
[WhiteElo "2060"]
[BlackElo "2295"]
[EventDate "2018.03.17"]
[PlyCount "22"]

1.e4 e6 2.d4 d5 3.exd5 exd5 4.Bd3 Bd6 5.Qe2+ Qe7 6.Bg5 f6 7.Bh4 Qxe2+ 8.
Nxe2 Ne7 9.Bg3 Bxg3 10.hxg3 Bf5 11.Bxf5 Nxf5 1/2-1/2

[Event "19th EUR-ch"]
[Site "Batumi GEO"]
[Date "2018.03.24"]
[Round "7.131"]
[White "Qalichava, Akaki"]
[Black "Sandu, Mihaela"]
[Result "1-0"]
[WhiteElo "1796"]
[BlackElo "2289"]
[EventDate "2018.03.17"]
[PlyCount "87"]

1.e4 c5 2.Nf3 e6 3.d4 cxd4 4.Nxd4 a6 5.Bd3 g6 6.O-O Bg7 7.Be3 d5 8.exd5 
Qxd5 9.Nc3 Qd8 10.a4 Ne7 11.a5 O-O 12.Nb3 Nd7 13.Qe2 Nc6 14.Na4 e5 15.c3 
Re8 16.Be4 Qh4 17.Bxc6 bxc6 18.Nb6 Rb8 19.Rfd1 Nf6 20.Nc5 Ng4 21.h3 Nxe3 
22.Qxe3 Bh6 23.Qe4 Qg5 24.h4 Qe7 25.Qxc6 Bg4 26.Nd5 Qxh4 27.Nf6+ Kg7 28.
Nxe8+ Rxe8 29.Rd3 Rc8 30.Qd6 Qh5 31.Ne4 Be6 32.Ng3 Qg5 33.Re1 e4 34.Nxe4 
Qxa5 35.Qd4+ Kf8 36.Qh8+ Ke7 37.Qf6+ Kf8 38.Nd6 Bg7 39.Qf3 Be5 40.Nxc8 h5 
41.b4 Qc7 42.Rde3 Bg4 43.Qd5 Bf6 44.Qc5+ 1-0

[Event "19th EUR-ch"]
[Site "Batumi GEO"]
[Date "2018.03.24"]
[Round "7.132"]
[White "Sargissian, Sargis"]
[Black "Babukhadia, Levan"]
[Result "1-0"]
[WhiteElo "2284"]
[BlackElo "1968"]
[EventDate "2018.03.17"]
[PlyCount "61"]

1.e4 c5 2.Ne2 d6 3.Nbc3 Nf6 4.d4 cxd4 5.Nxd4 a6 6.a3 e5 7.Nf5 d5 8.Bg5 d4 
9.Bxf6 gxf6 10.Nb1 Bxf5 11.exf5 Qd5 12.Qd3 e4 13.Nc3 exd3 14.Nxd5 dxc2 15.
Rc1 Kd8 16.Nb6 Ra7 17.Rxc2 Nc6 18.Bd3 Bd6 19.O-O Re8 20.Rd1 h6 21.g3 Re5 
22.Nc4 Rd5 23.Be4 d3 24.Rcd2 Rd4 25.Rxd3 Rxc4 26.Rxd6+ Ke7 27.Rd7+ Kf8 28.
Bd5 Rd4 29.Rxf7+ Ke8 30.Re1+ Ne5 31.Rxf6 1-0

[Event "19th EUR-ch"]
[Site "Batumi GEO"]
[Date "2018.03.24"]
[Round "7.133"]
[White "Mikadze, Miranda"]
[Black "Shamatava, Nikolozi"]
[Result "1-0"]
[WhiteElo "2268"]
[BlackElo "1570"]
[EventDate "2018.03.17"]
[PlyCount "67"]

1.e4 c5 2.Nf3 e6 3.c3 Nf6 4.e5 Nd5 5.d4 cxd4 6.cxd4 d6 7.a3 Nc6 8.Bd3 Be7 
9.O-O O-O 10.Qe2 f5 11.exf6 Bxf6 12.Qe4 g6 13.h4 Nde7 14.Bh6 Re8 15.Qf4 
Nf5 16.Bxf5 exf5 17.Nc3 a6 18.Rad1 b5 19.Rfe1 Rxe1+ 20.Rxe1 Ra7 21.Nd5 Bg7
22.h5 Ne7 23.Rxe7 Rxe7 24.Bg5 Bf8 25.Qh4 Kf7 26.hxg6+ hxg6 27.Qh7+ Ke6 28.
Nxe7 Bxe7 29.Qxg6+ Kd7 30.Qxf5+ Kc7 31.Qf7 Kd7 32.d5 Qf8 33.Qe6+ Kd8 34.
Qxd6+ 1-0